Pokemon Generation 1-6 No Types - Statistics

General Stats
  • This quiz has been taken 51 times
  • The average score is 537 of 721
Answer Stats
No. Pokémon % Correct
#0001 Bulbasaur
100%
#0004 Charmander
100%
#0005 Charmeleon
100%
#0133 Eevee
100%
#0196 Espeon
100%
#0282 Gardevoir
100%
#0471 Glaceon
100%
#0470 Leafeon
100%
#0025 Pikachu
100%
#0026 Raichu
100%
#0007 Squirtle
100%
#0197 Umbreon
100%
#0142 Aerodactyl
88%
#0181 Ampharos
88%
#0347 Anorith
88%
#0024 Arbok
88%
#0493 Arceus
88%
#0348 Armaldo
88%
#0144 Articuno
88%
#0610 Axew
88%
#0482 Azelf
88%
#0015 Beedrill
88%
#0009 Blastoise
88%
#0654 Braixen
88%
#0418 Buizel
88%
#0012 Butterfree
88%
#0010 Caterpie
88%
#0006 Charizard
88%
#0652 Chesnaught
88%
#0650 Chespin
88%
#0036 Clefable
88%
#0035 Clefairy
88%
#0638 Cobalion
88%
#0488 Cresselia
88%
#0169 Crobat
88%
#0491 Darkrai
88%
#0633 Deino
88%
#0655 Delphox
88%
#0502 Dewott
88%
#0483 Dialga
88%
#0719 Diancie
88%
#0232 Donphan
88%
#0148 Dragonair
88%
#0149 Dragonite
88%
#0147 Dratini
88%
#0603 Eelektrik
88%
#0604 Eelektross
88%
#0023 Ekans
88%
#0101 Electrode
88%
#0500 Emboar
88%
#0587 Emolga
88%
#0022 Fearow
88%
#0653 Fennekin
88%
#0180 Flaaffy
88%
#0136 Flareon
88%
#0662 Fletchinder
88%
#0661 Fletchling
88%
#0656 Froakie
88%
#0657 Frogadier
88%
#0475 Gallade
88%
#0092 Gastly
88%
#0423 Gastrodon
88%
#0649 Genesect
88%
#0094 Gengar
88%
#0074 Geodude
88%
#0431 Glameow
88%
#0042 Golbat
88%
#0076 Golem
88%
#0075 Graveler
88%
#0658 Greninja
88%
#0058 Growlithe
88%
#0130 Gyarados
88%
#0093 Haunter
88%
#0612 Haxorus
88%
#0485 Heatran
88%
#0214 Heracross
88%
#0430 Honchkrow
88%
#0720 Hoopa
88%
#0163 Hoothoot
88%
#0392 Infernape
88%
#0002 Ivysaur
88%
#0135 Jolteon
88%
#0140 Kabuto
88%
#0141 Kabutops
88%
#0014 Kakuna
88%
#0352 Kecleon
88%
#0647 Keldeo
88%
#0099 Kingler
88%
#0281 Kirlia
88%
#0098 Krabby
88%
#0552 Krokorok
88%
#0553 Krookodile
88%
#0645 Landorus
88%
#0271 Lombre
88%
#0270 Lotad
88%
#0272 Ludicolo
88%
#0404 Luxio
88%
#0068 Machamp
88%
#0067 Machoke
88%
#0066 Machop
88%
#0490 Manaphy
88%
#0179 Mareep
88%
#0303 Mawile
88%
#0052 Meowth
88%
#0481 Mesprit
88%
#0011 Metapod
88%
#0146 Moltres
88%
#0198 Murkrow
88%
#0034 Nidoking
88%
#0031 Nidoqueen
88%
#0029 | #0032 Nidoran
88%
#0030 Nidorina
88%
#0033 Nidorino
88%
#0038 Ninetales
88%
#0164 Noctowl
88%
#0138 Omanyte
88%
#0139 Omastar
88%
#0501 Oshawott
88%
#0484 Palkia
88%
#0536 Palpitoad
88%
#0053 Persian
88%
#0231 Phanpy
88%
#0708 Phantump
88%
#0489 Phione
88%
#0172 Pichu
88%
#0018 Pidgeot
88%
#0017 Pidgeotto
88%
#0016 Pidgey
88%
#0499 Pignite
88%
#0204 Pineco
88%
#0127 Pinsir
88%
#0060 Poliwag
88%
#0061 Poliwhirl
88%
#0062 Poliwrath
88%
#0077 Ponyta
88%
#0710 Pumpkaboo
88%
#0651 Quilladin
88%
#0280 Ralts
88%
#0020 Raticate
88%
#0019 Rattata
88%
#0643 Reshiram
88%
#0302 Sableye
88%
#0503 Samurott
88%
#0551 Sandile
88%
#0545 Scolipede
88%
#0537 Seismitoad
88%
#0497 Serperior
88%
#0496 Servine
88%
#0492 Shaymin
88%
#0403 Shinx
88%
#0435 Skuntank
88%
#0495 Snivy
88%
#0021 Spearow
88%
#0434 Stunky
88%
#0192 Sunflora
88%
#0191 Sunkern
88%
#0700 Sylveon
88%
#0663 Talonflame
88%
#0128 Tauros
88%
#0498 Tepig
88%
#0639 Terrakion
88%
#0642 Thundurus
88%
#0641 Tornadus
88%
#0709 Trevenant
88%
#0535 Tympole
88%
#0602 Tynamo
88%
#0480 Uxie
88%
#0134 Vaporeon
88%
#0543 Venipede
88%
#0003 Venusaur
88%
#0494 Victini
88%
#0640 Virizion
88%
#0100 Voltorb
88%
#0037 Vulpix
88%
#0008 Wartortle
88%
#0013 Weedle
88%
#0544 Whirlipede
88%
#0716 Xerneas
88%
#0562 Yamask
88%
#0717 Yveltal
88%
#0145 Zapdos
88%
#0644 Zekrom
88%
#0571 Zoroark
88%
#0570 Zorua
88%
#0041 Zubat
88%
#0718 Zygarde
88%
#0460 Abomasnow
75%
#0063 Abra
75%
#0617 Accelgor
75%
#0190 Aipom
75%
#0065 Alakazam
75%
#0334 Altaria
75%
#0698 Amaura
75%
#0424 Ambipom
75%
#0591 Amoonguss
75%
#0059 Arcanine
75%
#0566 Archen
75%
#0567 Archeops
75%
#0168 Ariados
75%
#0531 Audino
75%
#0699 Aurorus
75%
#0184 Azumarill
75%
#0298 Azurill
75%
#0371 Bagon
75%
#0354 Banette
75%
#0153 Bayleef
75%
#0267 Beautifly
75%
#0374 Beldum
75%
#0182 Bellossom
75%
#0069 Bellsprout
75%
#0625 Bisharp
75%
#0257 Blaziken
75%
#0242 Blissey
75%
#0522 Blitzle
75%
#0525 Boldore
75%
#0628 Braviary
75%
#0286 Breloom
75%
#0437 Bronzong
75%
#0436 Bronzor
75%
#0659 Bunnelby
75%
#0323 Camerupt
75%
#0703 Carbink
75%
#0455 Carnivine
75%
#0565 Carracosta
75%
#0318 Carvanha
75%
#0268 Cascoon
75%
#0251 Celebi
75%
#0609 Chandelure
75%
#0113 Chansey
75%
#0152 Chikorita
75%
#0390 Chimchar
75%
#0170 Chinchou
75%
#0573 Cinccino
75%
#0173 Cleffa
75%
#0091 Cloyster
75%
#0563 Cofagrigus
75%
#0415 Combee
75%
#0256 Combusken
75%
#0341 Corphish
75%
#0546 Cottonee
75%
#0346 Cradily
75%
#0408 Cranidos
75%
#0342 Crawdaunt
75%
#0159 Croconaw
75%
#0155 Cyndaquil
75%
#0702 Dedenne
75%
#0585 Deerling
75%
#0225 Delibird
75%
#0386 Deoxys
75%
#0087 Dewgong
75%
#0660 Diggersby
75%
#0050 Diglett
75%
#0132 Ditto
75%
#0085 Dodrio
75%
#0084 Doduo
75%
#0096 Drowzee
75%
#0580 Ducklett
75%
#0051 Dugtrio
75%
#0356 Dusclops
75%
#0477 Dusknoir
75%
#0355 Duskull
75%
#0269 Dustox
75%
#0125 Electabuzz
75%
#0466 Electivire
75%
#0309 Electrike
75%
#0239 Elekid
75%
#0395 Empoleon
75%
#0244 Entei
75%
#0589 Escavalier
75%
#0102 Exeggcute
75%
#0103 Exeggutor
75%
#0295 Exploud
75%
#0083 Farfetch’d
75%
#0160 Feraligatr
75%
#0419 Floatzel
75%
#0590 Foongus
75%
#0205 Forretress
75%
#0611 Fraxure
75%
#0478 Froslass
75%
#0676 Furfrou
75%
#0162 Furret
75%
#0444 Gabite
75%
#0445 Garchomp
75%
#0443 Gible
75%
#0526 Gigalith
75%
#0203 Girafarig
75%
#0487 Giratina
75%
#0362 Glalie
75%
#0044 Gloom
75%
#0118 Goldeen
75%
#0055 Golduck
75%
#0706 Goodra
75%
#0704 Goomy
75%
#0574 Gothita
75%
#0575 Gothorita
75%
#0711 Gourgeist
75%
#0210 Granbull
75%
#0088 Grimer
75%
#0388 Grotle
75%
#0383 Groudon
75%
#0253 Grovyle
75%
#0701 Hawlucha
75%
#0631 Heatmor
75%
#0507 Herdier
75%
#0449 Hippopotas
75%
#0450 Hippowdon
75%
#0107 Hitmonchan
75%
#0106 Hitmonlee
75%
#0237 Hitmontop
75%
#0250 Ho-Oh
75%
#0116 Horsea
75%
#0229 Houndoom
75%
#0228 Houndour
75%
#0635 Hydreigon
75%
#0097 Hypno
75%
#0686 Inkay
75%
#0039 Jigglypuff
75%
#0385 Jirachi
75%
#0064 Kadabra
75%
#0588 Karrablast
75%
#0230 Kingdra
75%
#0707 Klefki
75%
#0109 Koffing
75%
#0382 Kyogre
75%
#0608 Lampent
75%
#0171 Lanturn
75%
#0131 Lapras
75%
#0246 Larvitar
75%
#0380 Latias
75%
#0381 Latios
75%
#0166 Ledian
75%
#0165 Ledyba
75%
#0463 Lickilicky
75%
#0108 Lickitung
75%
#0510 Liepard
75%
#0345 Lileep
75%
#0549 Lilligant
75%
#0506 Lillipup
75%
#0264 Linoone
75%
#0667 Litleo
75%
#0607 Litwick
75%
#0294 Loudred
75%
#0448 Lucario
75%
#0249 Lugia
75%
#0405 Luxray
75%
#0240 Magby
75%
#0219 Magcargo
75%
#0129 Magikarp
75%
#0126 Magmar
75%
#0467 Magmortar
75%
#0081 Magnemite
75%
#0082 Magneton
75%
#0462 Magnezone
75%
#0630 Mandibuzz
75%
#0310 Manectric
75%
#0056 Mankey
75%
#0183 Marill
75%
#0259 Marshtomp
75%
#0307 Meditite
75%
#0154 Meganium
75%
#0648 Meloetta
75%
#0376 Metagross
75%
#0375 Metang
75%
#0151 Mew
75%
#0150 Mewtwo
75%
#0262 Mightyena
75%
#0241 Miltank
75%
#0572 Minccino
75%
#0312 Minun
75%
#0391 Monferno
75%
#0122 Mr. Mime
75%
#0258 Mudkip
75%
#0089 Muk
75%
#0517 Munna
75%
#0518 Musharna
75%
#0177 Natu
75%
#0290 Nincada
75%
#0291 Ninjask
75%
#0322 Numel
75%
#0274 Nuzleaf
75%
#0043 Oddish
75%
#0095 Onix
75%
#0417 Pachirisu
75%
#0674 Pancham
75%
#0515 Panpour
75%
#0504 Patrat
75%
#0624 Pawniard
75%
#0279 Pelipper
75%
#0548 Petilil
75%
#0519 Pidove
75%
#0393 Piplup
75%
#0311 Plusle
75%
#0186 Politoed
75%
#0261 Poochyena
75%
#0137 Porygon
75%
#0233 Porygon2
75%
#0474 Porygon-Z
75%
#0394 Prinplup
75%
#0054 Psyduck
75%
#0247 Pupitar
75%
#0509 Purrloin
75%
#0432 Purugly
75%
#0668 Pyroar
75%
#0156 Quilava
75%
#0243 Raikou
75%
#0409 Rampardos
75%
#0078 Rapidash
75%
#0384 Rayquaza
75%
#0378 Regice
75%
#0486 Regigigas
75%
#0377 Regirock
75%
#0379 Registeel
75%
#0112 Rhydon
75%
#0111 Rhyhorn
75%
#0464 Rhyperior
75%
#0447 Riolu
75%
#0524 Roggenrola
75%
#0479 Rotom
75%
#0627 Rufflet
75%
#0373 Salamence
75%
#0027 Sandshrew
75%
#0028 Sandslash
75%
#0586 Sawsbuck
75%
#0664 Scatterbug
75%
#0254 Sceptile
75%
#0212 Scizor
75%
#0123 Scyther
75%
#0117 Seadra
75%
#0119 Seaking
75%
#0273 Seedot
75%
#0086 Seel
75%
#0161 Sentret
75%
#0336 Seviper
75%
#0319 Sharpedo
75%
#0292 Shedinja
75%
#0372 Shelgon
75%
#0090 Shellder
75%
#0422 Shellos
75%
#0616 Shelmet
75%
#0275 Shiftry
75%
#0285 Shroomish
75%
#0353 Shuppet
75%
#0266 Silcoon
75%
#0705 Sliggoo
75%
#0218 Slugma
75%
#0235 Smeargle
75%
#0215 Sneasel
75%
#0143 Snorlax
75%
#0459 Snover
75%
#0209 Snubbull
75%
#0665 Spewpa
75%
#0167 Spinarak
75%
#0327 Spinda
75%
#0234 Stantler
75%
#0398 Staraptor
75%
#0397 Staravia
75%
#0396 Starly
75%
#0121 Starmie
75%
#0120 Staryu
75%
#0208 Steelix
75%
#0508 Stoutland
75%
#0618 Stunfisk
75%
#0245 Suicune
75%
#0333 Swablu
75%
#0260 Swampert
75%
#0581 Swanna
75%
#0277 Swellow
75%
#0684 Swirlix
75%
#0528 Swoobat
75%
#0276 Taillow
75%
#0465 Tangrowth
75%
#0216 Teddiursa
75%
#0564 Tirtouga
75%
#0255 Torchic
75%
#0389 Torterra
75%
#0158 Totodile
75%
#0520 Tranquill
75%
#0252 Treecko
75%
#0387 Turtwig
75%
#0157 Typhlosion
75%
#0248 Tyranitar
75%
#0697 Tyrantrum
75%
#0236 Tyrogue
75%
#0696 Tyrunt
75%
#0521 Unfezant
75%
#0201 Unown
75%
#0217 Ursaring
75%
#0583 Vanillish
75%
#0582 Vanillite
75%
#0584 Vanilluxe
75%
#0049 Venomoth
75%
#0048 Venonat
75%
#0416 Vespiquen
75%
#0071 Victreebel
75%
#0045 Vileplume
75%
#0666 Vivillon
75%
#0721 Volcanion
75%
#0637 Volcarona
75%
#0629 Vullaby
75%
#0320 Wailmer
75%
#0321 Wailord
75%
#0505 Watchog
75%
#0461 Weavile
75%
#0070 Weepinbell
75%
#0110 Weezing
75%
#0547 Whimsicott
75%
#0293 Whismur
75%
#0040 Wigglytuff
75%
#0278 Wingull
75%
#0202 Wobbuffet
75%
#0527 Woobat
75%
#0265 Wurmple
75%
#0178 Xatu
75%
#0335 Zangoose
75%
#0523 Zebstrika
75%
#0263 Zigzagoon
75%
#0634 Zweilous
75%
#0359 Absol
63%
#0681 Aegislash
63%
#0306 Aggron
63%
#0683 Aromatisse
63%
#0304 Aron
63%
#0713 Avalugg
63%
#0343 Baltoy
63%
#0689 Barbaracle
63%
#0339 Barboach
63%
#0550 Basculin
63%
#0411 Bastiodon
63%
#0606 Beheeyem
63%
#0712 Bergmite
63%
#0400 Bibarel
63%
#0399 Bidoof
63%
#0688 Binacle
63%
#0626 Bouffalant
63%
#0406 Budew
63%
#0427 Buneary
63%
#0412 Burmy
63%
#0331 Cacnea
63%
#0332 Cacturne
63%
#0351 Castform
63%
#0441 Chatot
63%
#0420 Cherubi
63%
#0358 Chimecho
63%
#0344 Claydol
63%
#0534 Conkeldurr
63%
#0222 Corsola
63%
#0453 Croagunk
63%
#0558 Crustle
63%
#0615 Cryogonal
63%
#0104 Cubone
63%
#0555 Darmanitan
63%
#0554 Darumaka
63%
#0301 Delcatty
63%
#0680 Doublade
63%
#0691 Dragalge
63%
#0452 Drapion
63%
#0529 Drilbur
63%
#0621 Druddigon
63%
#0206 Dunsparce
63%
#0578 Duosion
63%
#0632 Durant
63%
#0557 Dwebble
63%
#0605 Elgyem
63%
#0677 Espurr
63%
#0530 Excadrill
63%
#0349 Feebas
63%
#0597 Ferroseed
63%
#0598 Ferrothorn
63%
#0456 Finneon
63%
#0669 Flabébé
63%
#0670 Floette
63%
#0330 Flygon
63%
#0596 Galvantula
63%
#0673 Gogoat
63%
#0622 Golett
63%
#0623 Golurk
63%
#0576 Gothitelle
63%
#0316 Gulpin
63%
#0533 Gurdurr
63%
#0440 Happiny
63%
#0297 Hariyama
63%
#0695 Heliolisk
63%
#0694 Helioptile
63%
#0679 Honedge
63%
#0187 Hoppip
63%
#0174 Igglybuff
63%
#0314 Illumise
63%
#0595 Joltik
63%
#0189 Jumpluff
63%
#0124 Jynx
63%
#0115 Kangaskhan
63%
#0600 Klang
63%
#0599 Klink
63%
#0601 Klinklang
63%
#0401 Kricketot
63%
#0402 Kricketune
63%
#0646 Kyurem
63%
#0305 Lairon
63%
#0636 Larvesta
63%
#0542 Leavanny
63%
#0428 Lopunny
63%
#0457 Lumineon
63%
#0337 Lunatone
63%
#0370 Luvdisc
63%
#0296 Makuhita
63%
#0687 Malamar
63%
#0473 Mamoswine
63%
#0226 Mantine
63%
#0556 Maractus
63%
#0105 Marowak
63%
#0284 Masquerain
63%
#0308 Medicham
63%
#0678 Meowstic
63%
#0619 Mienfoo
63%
#0620 Mienshao
63%
#0350 Milotic
63%
#0439 Mime Jr.
63%
#0200 Misdreavus
63%
#0429 Mismagius
63%
#0414 Mothim
63%
#0446 Munchlax
63%
#0714 Noibat
63%
#0715 Noivern
63%
#0224 Octillery
63%
#0675 Pangoro
63%
#0511 Pansage
63%
#0513 Pansear
63%
#0046 Paras
63%
#0047 Parasect
63%
#0221 Piloswine
63%
#0057 Primeape
63%
#0195 Quagsire
63%
#0211 Qwilfish
63%
#0369 Relicanth
63%
#0223 Remoraid
63%
#0579 Reuniclus
63%
#0315 Roselia
63%
#0407 Roserade
63%
#0560 Scrafty
63%
#0559 Scraggy
63%
#0364 Sealeo
63%
#0540 Sewaddle
63%
#0410 Shieldon
63%
#0213 Shuckle
63%
#0561 Sigilyph
63%
#0516 Simipour
63%
#0512 Simisage
63%
#0514 Simisear
63%
#0227 Skarmory
63%
#0672 Skiddo
63%
#0188 Skiploom
63%
#0300 Skitty
63%
#0451 Skorupi
63%
#0690 Skrelp
63%
#0289 Slaking
63%
#0287 Slakoth
63%
#0080 Slowbro
63%
#0199 Slowking
63%
#0079 Slowpoke
63%
#0685 Slurpuff
63%
#0238 Smoochum
63%
#0361 Snorunt
63%
#0577 Solosis
63%
#0338 Solrock
63%
#0363 Spheal
63%
#0442 Spiritomb
63%
#0325 Spoink
63%
#0682 Spritzee
63%
#0185 Sudowoodo
63%
#0283 Surskit
63%
#0541 Swadloon
63%
#0317 Swalot
63%
#0220 Swinub
63%
#0114 Tangela
63%
#0072 Tentacool
63%
#0073 Tentacruel
63%
#0538 Throh
63%
#0532 Timburr
63%
#0468 Togekiss
63%
#0175 Togepi
63%
#0176 Togetic
63%
#0454 Toxicroak
63%
#0328 Trapinch
63%
#0357 Tropius
63%
#0568 Trubbish
63%
#0329 Vibrava
63%
#0288 Vigoroth
63%
#0313 Volbeat
63%
#0365 Walrein
63%
#0340 Whiscash
63%
#0194 Wooper
63%
#0413 Wormadam
63%
#0360 Wynaut
63%
#0193 Yanma
63%
#0469 Yanmega
63%
#0594 Alomomola
50%
#0614 Beartic
50%
#0438 Bonsly
50%
#0421 Cherrim
50%
#0433 Chingling
50%
#0366 Clamperl
50%
#0692 Clauncher
50%
#0693 Clawitzer
50%
#0613 Cubchoo
50%
#0426 Drifblim
50%
#0425 Drifloon
50%
#0671 Florges
50%
#0592 Frillish
50%
#0569 Garbodor
50%
#0207 Gligar
50%
#0472 Gliscor
50%
#0368 Gorebyss
50%
#0326 Grumpig
50%
#0367 Huntail
50%
#0593 Jellicent
50%
#0458 Mantyke
50%
#0299 Nosepass
50%
#0476 Probopass
50%
#0539 Sawk
50%
#0324 Torkoal
50%
No matching quizzes found
Score Distribution
Percent of People with Each Score
Percentile by Number Answered
Your Score History
You have not taken this quiz